Estadísticas para Prueba de Navarra

Haz click aquí para tomar la prueba!

Estadísticas generales

  • Esta prueba ha sido tomada 650 veces
  • La puntuación promedio es 10 de 16

Estadísticas de respuestas

PreguntaRespuesta% Correcto
CapitalPamplona
98%
Idioma regional que se habla en NavarraEuskera
91%
Fiesta Interés Turístico Internacional del copatrón de Navarra en julioFiestas de San Fermín
91%
Comunidad limítrofe que tiene relaciones complejas con NavarraPaís Vasco
88%
Club deportivo en LaLigaClub Atlético Osasuna
87%
La comunidad se sitúa en la cuenca de este río principalEbro
86%
Cordillera al nortePirineos
86%
Uno de los mejores ciclistas de toda la historiaMiguel Induráin
76%
Sinónimo de autónomo que se usa en el nombre de la comunidadForal
61%
Licor de endrinas muy popular en NavarraPacharán
57%
La variedad blanca de esta verdura es muy popular en NavarraEspárrago
52%
Esas fiestas terminan con este cánticoPobre de mí
52%
Prelatura personal que ese santo fundó, cuyo nombre traduce a «obra de Dios»Opus Dei
39%
Otro copatrón, nacido en Navarra, quien murió como misionero en ChinaFrancisco Javier
35%
Comarca natural y histórica que se encuentra en el valle de ese ríoRibera Navarra
25%
Santo y fundador de la Universidad de NavarraJosemaría Escrivá de Balaguer
24%

Distribución de puntuación

Porcentaje por número respondido

Porcentaje de gente con cada puntuación

Historial de tus puntuaciones

No has tomado esta prueba